000 00262nam a2200109Ia 4500
008 200302s9999 xx 000 0 und d
100 _aGerald F. Brommer
245 _aElements of Design Space
260 _bDavis Publishing Inc.,
260 _c1974
300 _a80 P.,
999 _c274
_d274